AK’s General Knowledge A-Z #85 - Statistics

General Stats
  • This quiz has been taken 270 times
  • The average score is 16 of 26
Answer Stats
Hint Answer % Correct
A – became a prince with the aid of the genie of the lamp Aladdin
98%
V – The Da _____ Code; the best-selling book written in this century Vinci
94%
H – stringed musical instrument that has been used as a political symbol of Ireland Harp
91%
P – first name of 007 actor Brosnan, or what may be done to nipples, noses, ears, etc. Pierce
88%
F – TV sitcoms ______ Matters or Modern ______ Family
85%
R – not Batman, but a bird Robin
85%
G – those who live in _____ houses shouldn’t throw stones Glass
84%
W – a large, oriental, round-bottomed cooking pan Wok
84%
N – first name of singers Diamond (“Sweet Caroline”) and Young (“Heart of Gold”) Neil
83%
T – someone who deliberately tries to offend others on social media Troll
80%
L – country you end up in if you travel west from Minsk Lithuania
78%
S – country whose anagram is “rabies” Serbia
73%
U – a standard measure of a quantity in science, or an item which may be sold singly Unit
69%
D – Hamlet, dette sprog, or a multi-layered, laminated sweet pastry Danish
66%
O – code name for a “beach” in the Normandy landings, the taking of which was the responsibility of U.S. Army troops Omaha
64%
J – state capital and most populous city of Mississippi Jackson
60%
M – Old ____, card game where you avoid being the player who ends up holding the Old ____ Maid
53%
E – a courageous undertaking, or St. Louis Blues’ home arena __________ Center (or just think Star Trek) Enterprise
44%
B – was president of the USA when the album The Who With Orchestra Live At Wembley was released Joe Biden
42%
C – science fiction writer Arthur C. who won numerous literary awards Clarke
40%
Y – hit “___ _____ Me Up” performed by Josh Groban, Westlife, etc. You Raise
37%
K – British economist John M who’s known as ケインズ (Keinzu) in Japan Keynes
27%
I – first name of baseball player Borders (born 1975), or short name for in-line light amplifier Ila
12%
X – an autonomous region of China; borders eight countries from Mongolia to India Xinjiang
10%
Q – Netflix series about Queer Force, a group of undervalued LGBT superspies Q-Force
7%
Z – city in the heart of Bosnia known for ironworks and air pollution Zenica
7%
No matching quizzes found
Score Distribution
Percent of People with Each Score
Percentile by Number Answered
Your Score History
You have not taken this quiz